LEADER 01484nam 2200361 n 450 001 996383877103316 005 20221108083708.0 035 $a(CKB)1000000000587316 035 $a(EEBO)2240870271 035 $a(UnM)99842759 035 $a(EXLCZ)991000000000587316 100 $a19910522d1610 uy | 101 0 $aeng 135 $aurbn||||a|bb| 200 00$aOf diuorce for adulterie, and marrying againe$b[electronic resource] $ethat there is no sufficient warrant so to do. VVith a note in the end, that R.P. many yeeres since was answered. By Edm. Bunny Bachelour of Divinitie 210 $aPrinted at Oxford $cBy Ioseph Barnes$dAnn. Dom. 1610 215 $a[20], 171, [9] p., folded table 300 $aR.P. = Robert Parsons, referring to Bunny's connection with "The first booke of Christian exercise" by Parsons and "A directorie teaching the way to the truth" by John Radford. 300 $aIncludes index. 300 $aRunning title reads: Of divorce for adultery, and marrying againe. 300 $aReproduction of the original in the British Library. 330 $aeebo-0018 606 $aDivorce$xReligous aspects$vEarly works to 1800 615 0$aDivorce$xReligous aspects 700 $aBunny$b Edmund$f1540-1619.$01002895 801 0$bCu-RivES 801 1$bCu-RivES 801 2$bCStRLIN 801 2$bWaOLN 906 $aBOOK 912 $a996383877103316 996 $aOf diuorce for adulterie, and marrying againe$92404969 997 $aUNISA LEADER 00963nam a22002411i 4500 001 991000363609707536 005 20040820085826.0 008 040920s1990 it ita 035 $ab1321021x-39ule_inst 035 $aARCHE-115645$9ExL 040 $aSet. Economia$bita$cA.t.i. Arché s.c.r.l. Pandora Sicilia s.r.l. 082 04$a657.8360 100 1 $aCongiu, Paolo$0116035 245 10$aEconomia e contabilità delle agenzie di assicurazioni /$cPaolo Congiu 260 $aCagliari :$bCUEC,$cstampa 1990 300 $a197 p. ;$c24 cm 650 4$aCompagnie di assicurazione$xBilancio 907 $a.b1321021x$b17-06-19$c23-09-04 912 $a991000363609707536 945 $aLE025 ECO 657.8 CON01.01$g1$i2025000169630$lle025$nCatalogato 2019$o-$pE0.00$q-$rl$s- $t0$u0$v0$w0$x0$y.i13865390$z23-09-04 996 $aEconomia e contabilità delle agenzie di assicurazioni$91100264 997 $aUNISALENTO 998 $ale025$b23-09-04$cm$da $e-$fita$git $h0$i1